A próságok : A halál : Modern betegség : A világ vége
Tri krátke eseje uverejnené pod spoločným názvom Drobnosti.
| Main Author: | |
|---|---|
| Format: | Article |
| Language: | Hungarian |
| Subjects: | |
| Source: |
1. Murányvölgye : Szépirodalmi, társadalmi és közgazdasági hetilap 1. Roč. 7, č. 50 (16.12.1917) s. 3 |
| LEADER | 00854nab#a2200301#ar4500 | ||
|---|---|---|---|
| 001 | 000071114 | ||
| 003 | SVKKK | ||
| 005 | 20010109xxxxxxx. | ||
| 008 | 06 c xo huno | ||
| FMT | |||
| 038 | |a SVKKK | ||
| 040 | |a SVKKK |b slo |e AACR2 | ||
| 041 | 0 | |a hun | |
| 044 | |a xo |c SK | ||
| 080 | |a 894.511(437.6)-4 | ||
| 100 | 0 | |a (V.-J.) |4 aut | |
| 242 | 1 | 0 | |a Drobnosti |
| 245 | 1 | 0 | |a A próságok : |b A halál : Modern betegség : A világ vége |c (V.-J.) |
| 520 | 2 | |a Tri krátke eseje uverejnené pod spoločným názvom Drobnosti. | |
| 650 | 0 | 4 | |a eseje - literatúra maďarská - texty |
| 773 | 0 | |t Murányvölgye : Szépirodalmi, társadalmi és közgazdasági hetilap |g Roč. 7, č. 50 (16.12.1917) s. 3 | |
| 957 | |a [Hnúšťa-Likier] | ||
| 958 | |a DG | ||
| 958 | |a SK | ||
| 974 | |a ebl |d 20010109 | ||
| 992 | |a RBX | ||
| BAS | |||
| 998 | |a RETRO | ||